अमरावत की कहानियाँ / (Record no. 38712)

MARC details
000 -LEADER
fixed length control field 01200nam a22002417a 4500
005 - DATE AND TIME OF LATEST TRANSACTION
control field 20100802145658.0
010 ## - LCCN (DPL NO)
LC control number HIN-89944
020 ## - INTERNATIONAL STANDARD BOOK NUMBER
International Standard Book Number 9788188494606
Terms of availability 180.00
035 ## - SYSTEM CONTROL NUMBER
System control number HN-62290
037 ## - SOURCE OF ACQUISITION
Source of stock number/acquisition DBAD/PUB
082 ## - DEWEY DECIMAL CLASSIFICATION NUMBER
Classification number
100 ## - MAIN ENTRY--PERSONAL NAME
Personal name झा, उपेन्द्रनाथ अमरावत
245 ## - TITLE STATEMENT
Title अमरावत की कहानियाँ /
Statement of responsibility, etc उपेन्द्रनाथ झा अमरावत; श्यामसुन्दर घोष द्वारा संपादित
246 ## - VARYING FORM OF TITLE
Title proper/short title Amrawat Ki Kahaniyan
Remainder of title by Upendra Nath Jha Amrawat
260 ## - PUBLICATION, DISTRIBUTION, ETC. (IMPRINT)
Place of publication, distribution, etc इलाहाबाद
Name of publisher, distributor, etc उमेश प्रकाशन
Date of publication, distribution, etc 2009
270 ## - ADDRESS
Address 100 लूकरगंज
City इलाहाबाद
Postal code 211001
300 ## - PHYSICAL DESCRIPTION
Extent 144पृ.
Dimensions 22सेमी. (सजिल्द)
650 ## - SUBJECT ADDED ENTRY--TOPICAL TERM
Topical term following geographic name as entry element लघु कहानियाँ, हिन्दी
650 ## - SUBJECT ADDED ENTRY--TOPICAL TERM
Topical term following geographic name as entry element Short Stories, Hindi
700 ## - ADDED ENTRY--PERSONAL NAME
9 (RLIN) 3937
Personal name घोष, श्यामसुन्दर
942 ## - ADDED ENTRY ELEMENTS (KOHA)
Source of classification or shelving scheme Dewey Decimal Classification
Item type Hindi Books
Classification part
Call number suffix झाउपे
Holdings
Withdrawn status Lost status Not for loan Collection code Home library Current library Date acquired Source of acquisition Cost, normal purchase price Full call number Barcode Copy number Cost, replacement price Koha item type
    Not For Loan Fiction D.B.Act.Division D.B.Act.Division 02/08/2010 DBAD / PUB 180.00 क झाउपे HN-62290 1 180.00 Hindi Books

© Delhi Public Library
Hit Counter
free hit counter